Counties of Wallachia in 1601 on a Map - Statistics

General Stats
  • This quiz has been taken 43 times
  • The average score is 12 of 23
Answers on the Map
Answers color-coded by a green-red scale on the quiz's map according to % correct below.
 
Answer Stats
Answer % Correct
Olt
81%
Buzău
75%
Buzău
75%
Brăila
69%
Giurgiu
69%
Ialomiţa
63%
Argeş
56%
Dâmboviţa
56%
Dolj
56%
Gorj
56%
Ilfov
56%
Prahova
56%
Teleorman
56%
Vâlcea
56%
Mehedinţi
50%
Romanaţi
38%
Loviştea
31%
Săcuieni
31%
Turnu
31%
Muscel
25%
Orşova
25%
Slam Rămnic
25%
Vlaşca
25%
No matching quizzes found
Score Distribution
Percent of People with Each Score
Percentile by Number Answered
Your Score History
You have not taken this quiz